Muhammed the last prophet: A short Biography (Record no. 168634)

MARC details
000 -LEADER
fixed length control field 00406nam a2200145Ia 4500
008 - FIXED-LENGTH DATA ELEMENTS--GENERAL INFORMATION
fixed length control field 230917s9999||||xx |||||||||||||| ||und||
040 ## - CATALOGING SOURCE
-- 246983
Original cataloging agency VIVEKANANDA LIBRARY
041 ## - Language
-- English
082 ## - DDC NUMBER
Classification number 297.63 N133M
100 ## - MAIN ENTRY--PERSONAL NAME
Personal name Nadvi, Syed Abul Hasan Ali
245 #0 - TITLE STATEMENT
Title Muhammed the last prophet: A short Biography
260 ## - PUBLICATION, DISTRIBUTION, ETC. (IMPRINT)
Place of publication, distribution, etc Hyderabad
Name of publisher, distributor, etc Syed Abdul Hasan Publication Trust
Date of publication, distribution, etc 2017
300 ## - PHYSICAL DESCRIPTION
Pages 331 p.
942 ## - ADDED ENTRY ELEMENTS (KOHA)
Koha item type Books
Holdings
Withdrawn status Lost status Damaged status Not for loan Location (home branch) Sublocation or collection (holding branch) Date acquired Koha issues (times borrowed) Koha full call number Accession No. Koha date last seen Koha item type
        VIVEKANANDA LIBRARY VIVEKANANDA LIBRARY 04/05/2018 2 297.63 N133M 312868 13/03/2025 Books
© Designed and Maintained by Vivekananda Library, MDU Rohtak